Architect's Journal (Record no. 118577)
[ view plain ]
| 000 -LEADER | |
|---|---|
| fixed length control field | 00613cas a22002295a 4500 |
| 001 - CONTROL NUMBER | |
| control field | ##L98910 |
| 008 - FIXED-LENGTH DATA ELEMENTS--GENERAL INFORMATION | |
| fixed length control field | 070608c1919 xxkwr p 0 a0eng d |
| 022 1# - INTERNATIONAL STANDARD SERIAL NUMBER | |
| International Standard Serial Number | 0003-8466 |
| 035 ## - SYSTEM CONTROL NUMBER | |
| System control number | (Sirsi) u98910 |
| 041 0# - LANGUAGE CODE | |
| Language code of text/sound track or separate title | eng |
| 240 00 - UNIFORM TITLE | |
| Uniform title | AJ |
| 245 00 - TITLE STATEMENT | |
| Title | Architect's Journal |
| 260 ## - PUBLICATION, DISTRIBUTION, ETC. | |
| Place of publication, distribution, etc. | London |
| Name of publisher, distributor, etc. | EMAP Construct |
| Date of publication, distribution, etc. | 1919- |
| 362 0# - DATES OF PUBLICATION AND/OR SEQUENTIAL DESIGNATION | |
| Dates of publication and/or sequential designation | 135 (1) 3 January 1962- |
| 510 2# - CITATION/REFERENCES NOTE | |
| Name of source | Knowledge Alert |
| Location within source | 2006- |
| 554 ## - | |
| -- | Weekly |
| 651 #4 - SUBJECT ADDED ENTRY--GEOGRAPHIC NAME | |
| Geographic name | United Kingdom |
| Chronological subdivision | |
| 690 ## - LOCAL SUBJECT ADDED ENTRY--TOPICAL TERM (OCLC, RLIN) | |
| Topical term or geographic name as entry element | BUILT ENVIRONMENT |
| 856 41 - ELECTRONIC LOCATION AND ACCESS | |
| Uniform Resource Identifier | <a href="https://www.ajplus.co.uk">https://www.ajplus.co.uk</a> |
| Public note | View further information at www.ajplus.co.uk... |
| 942 ## - ADDED ENTRY ELEMENTS (KOHA) | |
| Suppress in OPAC | 0 |
| 948 ## - LOCAL PROCESSING INFORMATION (OCLC); SERIES PART DESIGNATOR (RLIN) | |
| c (OCLC) | 19/08/1994 |
| Withdrawn status | Lost status | Source of classification or shelving scheme | Damaged status | Not for loan | Home library | Current library | Shelving location | Date acquired | Total Checkouts | Full call number | Barcode | Date last seen | Price effective from | Koha item type |
|---|---|---|---|---|---|---|---|---|---|---|---|---|---|---|
| Other/Generic Classification Scheme | London | London | Gallery | 23/04/2004 | ARCHITECTS JOURNAL 2000- | 98910-1001 | 06/08/2019 | 06/08/2019 | Journal | |||||
| Dewey Decimal Classification | London | London | Basement | 23/03/2016 | ARCHITECTS JOURNAL 1962-1999 | 98910-2001 | 06/08/2019 | 06/08/2019 | Journal |